000 00499 a2200193 4500
001 131569
020 _a85-322-0360-4
040 _cLeonardo Da Vinci
041 _aPortuguês
082 _aIJ C299p
_bC299p
100 _aCARRARO, Fernando
245 _aA parábola do planeta azul
260 _bFTD
_c1991
_aSão Paulo
300 _a30
362 _a19910000
500 _aAvelino Guedes (Ilustração)
697 _aLiteratura infanto-juvenil
_aEcologia
_aPlanetas
_aHumanidade
942 _cBK
999 _c131569
_d131569